External audit: Concepts and techniques (Record no. 27857)
[ view plain ]
| 000 -LEADER | |
|---|---|
| fixed length control field | 00285nam a2200109Ia 4500 |
| 082 ## - DEWEY DECIMAL CLASSIFICATION NUMBER | |
| Classification number | 657.6 |
| Item number | AND.1 |
| 100 ## - MAIN ENTRY--AUTHOR NAME | |
| Personal name | Anderson, Rodney J |
| 245 #0 - TITLE STATEMENT | |
| Title | External audit: Concepts and techniques |
| 260 ## - PUBLICATION, DISTRIBUTION, ETC. (IMPRINT) | |
| Place of publication | Toronto |
| Name of publisher | Pitman |
| Year of publication | 1977 |
| 942 ## - ADDED ENTRY ELEMENTS (KOHA) | |
| Koha item type | Books |
| Withdrawn status | Lost status | Damaged status | Not for loan | Home library | Current library | Date acquired | Cost, normal purchase price | Full call number | Accession Number | Koha item type |
|---|---|---|---|---|---|---|---|---|---|---|
| RRII Library | RRII Library | 16/12/2021 | 35.00 | 657.6 AND.1 | 08473 | Books |